Geography Quiz

Random Geography or Asia Quiz

Countries of South Asia Quiz Stats

 Plays Quiz not verified by Sporcle

Score 0/34 Timer 20:00
0 Plays Today
Hint Answer % Correct
Iran
100%
Turkmenistan
87.5%
Kyrgyzstan
87.5%
India
87.5%
Nepal
87.5%
Bhutan
87.5%
China
87.5%
Taiwan
87.5%
Philippines
87.5%
Vietnam
87.5%
Cambodia
87.5%
Laos
87.5%
Thailand
87.5%
Malaysia
87.5%
Uzbekistan
75%
Tajikistan
75%
Afghanistan
75%
Hint Answer % Correct
Pakistan
75%
Bangladesh
75%
Burma
75%
Brunei
75%
Indonesia
75%
Singapore
75%
Sri Lanka
75%
Maldives
75%
East Timor
62.5%
AJakarta
62.5%
BShanghai
62.5%
CDelhi
62.5%
DMumbai
62.5%
EManila
62.5%
FBeijing
62.5%
GCalcutta
62.5%
HKarachi
62.5%

You're not logged in!

Compare scores with friends on all Sporcle quizzes.
OR
Log In

Show Comments

Extras

Created Mar 3, 2014ReportNominate
Tags:Asia Quiz, map, south, South Asia

Top Quizzes Today


Score Distribution

Your Account Isn't Verified!

In order to create a playlist on Sporcle, you need to verify the email address you used during registration. Go to your Sporcle Settings to finish the process.

Report this User

Report this user for behavior that violates our Community Guidelines.

Details: